| 000 | 00591cam a2200181 a 4500 | ||
|---|---|---|---|
| 020 | _a1559636572 (cloth) | ||
| 020 | _a1559636580 (pbk.) | ||
| 040 | _cDLC | ||
| 082 | 0 | 0 | _a363 LSL 1999 A072 Or. |
| 245 | 0 | 0 |
_aBioregional assessments : _bscience at the crossroads of management and policy / |
| 260 |
_aWashington, D.C. : _bIsland Press, _cc1999. |
||
| 300 |
_axiii, 398 : _bill. ; _c24 cm. |
||
| 650 | 0 | _aEnvironmental management | |
| 650 | 0 | _aEnvironmental policy | |
| 700 | 1 | _aJohnson, K. Norman. | |
| 856 | 4 | 2 | _uhttp://www.loc.gov/catdir/enhancements/fy0631/98042547-d.html |
| 942 | _cEK | ||
| 999 |
_c14842 _d14842 |
||